| 000 | 01489nam a2200241Ia 4500 | ||
|---|---|---|---|
| 003 | Ost | ||
| 005 | 20260507075304.0 | ||
| 008 | 260507s9999||||xx |||||||||||||| ||und|| | ||
| 020 | _a30867499579 | ||
| 040 | _cfsecg | ||
| 041 | _aara | ||
| 082 | _a330 | ||
| 100 |
_aالديري، زاهد _eمؤلف |
||
| 245 | 0 |
_aإدارة المؤسسات الاجتماعية / _c زاهد الديري |
|
| 260 |
_aعمان: _bدار الكنوز, _c2011 |
||
| 300 |
_a245 صفحة؛ _bإيضاحات ؛ _c25 سم |
||
| 520 | _aادارة المؤسسات الاجتماعية ، المنظمات الاجتماعية و علاقتها بالبيئة ، الهيئات الاجتماعية الأهلية و الحكومية ، ادارة الهيئات الأهلية و تحديد المشكلة التخطيطية ، طبيعة التخطيط ، اتخاذ القرارات ، عرقلة رجل الأعمال و ثقافة الابتكار ، علوم الادارة و الاعداد لتأمين المنشآت و التخطيط الاستراتيجي و اللوجيستي لها ، أسس الاستراتيجيات و التخطيط الاستراتيجي لتأمين المنشآت ، المسؤولية الاجتماعية و الرقابة . | ||
| 653 | _aالادارة | ||
| 653 | _aالمؤسسات الاجتماعية | ||
| 653 | _aالمؤسسات الاجتماعية ــ ادارة | ||
| 700 |
_aالخطيب، سعادة _eمؤلف ثانوي |
||
| 942 | _cكتاب | ||
| 999 |
_c43804 _d43804 |
||